Région Grand Est : entre tradition et nouvelle identité bakalárska práca
Na minha lista:
| Autor principal: | |
|---|---|
| Autor Corporativo: | |
| Outros Autores: | |
| Formato: | Livro |
| Idioma: | francês |
| Publicado em: |
Bratislava
2018
|
| Tags: |
Sem tags, seja o primeiro a adicionar uma tag!
|
MARC
| LEADER | 00000nbm a2200000 4500 | ||
|---|---|---|---|
| 001 | 0244055 | ||
| 005 | 20181011092559.3 | ||
| 041 | 0 | |a fre | |
| 044 | |a SK | ||
| 245 | 1 | 0 | |a Région Grand Est : entre tradition et nouvelle identité |b bakalárska práca |c Filip Kišac ; školiteľ: Andrea Tureková |
| 264 | 1 | |a Bratislava |c 2018 | |
| 300 | |a 43 s. | ||
| 100 | 1 | |a Kišac, Filip | |
| 700 | 1 | |a Tureková, Andrea, 1979- | |
| 710 | 2 | |a Fakulta aplikovaných jazykov EU v Bratislave. Katedra románskych a slovanských jazykov | |